[Event "Challenge"]
[Site "http://www.queenalice.com/game.php?id=477469"]
[Date "2008.10.15"]
[Round "-"]
[White "Letycia"]
[Black "rafa_guerrero"]
[Result "0-1"]
[WhiteElo "1304"]
[BlackElo "1252"]

1. e4 e5 2. Nc3 Bc5 3. Nf3 Qf6 4. Qe2 g5 5. Nd5 Qd8 6. d3 h6 7. Nxe5 d6 8. Ng6
fxg6 9. Be3 Bxe3 10. Qxe3 c5 11. Qf3 Rh7 12. O-O-O Rf7 13. Qg3 h5 14. f3 h4 15.
Qf2 Qa5 16. Qe3 Be6 17. Nc3 Bxa2 18. Nxa2 Qxa2 19. Kd2 Qxb2 20. Be2 Nc6 21. Qxg5
Rf6 22. Qxh4 Nd4 23. Qh7 Qxc2+ 24. Ke3 Qxe2# 0-1

[Event "Challenge"]
[Site "http://www.queenalice.com/game.php?id=477542"]
[Date "2008.10.15"]
[Round "-"]
[White "Letycia"]
[Black "a28112811"]
[Result "0-1"]
[WhiteElo "1304"]
[BlackElo "1670"]

1. g3 d5 2. Bg2 Nf6 3. b3 e6 4. Bb2 Be7 5. d4 Nc6 6. e3 Bd7 7. Ne2 O-O 8. O-O
Bd6 9. Na3 Ne4 10. c4 Nb4 11. Qe1 a6 12. Rc1 Nd3 13. Qd1 Nxc1 14. Qxc1 Qf6 15.
Nc3 Nxc3 16. Qxc3 b6 17. cxd5 e5 18. dxe5 Bxe5 0-1

[Event "Challenge"]
[Site "http://www.queenalice.com/game.php?id=479050"]
[Date "2008.10.18"]
[Round "-"]
[White "Letycia"]
[Black "Vinthi"]
[Result "0-1"]
[WhiteElo "1304"]
[BlackElo "1071"]

1. b3 e5 2. g3 Nc6 3. Bg2 Bc5 4. e3 d6 5. Bxc6+ bxc6 6. Qf3 Ne7 7. Ne2 Bf5 8. d3
d5 9. Ba3 Bxa3 10. Nxa3 e4 11. Qg2 exd3 12. cxd3 Bxd3 13. Qf3 Be4 14. Qf4 Bxh1
15. O-O-O Be4 16. Qh4 O-O 17. Nc3 Ng6 18. Qxe4 dxe4 19. Rxd8 Raxd8 20. Nxe4 Rd3
21. Kc2 Rfd8 22. Nc4 Rd1 23. Nb2 R1d5 24. Nc3 Rd2+ 25. Kc1 Rxf2 26. g4 Ne5 27.
h3 Nd3+ 28. Kb1 Nxb2 0-1

[Event "Challenge"]
[Site "http://www.queenalice.com/game.php?id=479693"]
[Date "2008.10.19"]
[Round "-"]
[White "Letycia"]
[Black "Kimura"]
[Result "1-0"]
[WhiteElo "1316"]
[BlackElo "1346"]

1. e4 e5 2. Nc3 Bb4 3. Qf3 Nc6 4. a3 Be7 5. Bb5 a6 6. Bxc6 bxc6 7. Nge2 Bd6 8.
g3 Qf6 9. d3 c5 10. Qxf6 Nxf6 11. Bg5 Rb8 12. b4 Ng4 13. O-O O-O 14. Rab1 h6 15.
Bd2 g5 16. Na4 cxb4 17. axb4 a5 18. bxa5 Ra8 19. Rb3 f5 20. Nec3 fxe4 21. Nxe4
Be7 22. Bb4 Ra6 23. Bxe7 Rf7 24. Bb4 c5 25. Naxc5 Rc6 26. h3 Nf6 27. Nxf6+ Rfxf6
28. Bc3 Rxc5 29. Re1 d6 30. h4 g4 31. Kg2 Rc7 32. Re4 Bb7 33. Kh2 Rxf2+ 34. Kg1
Rcf7 35. Re1 Rg2+ 36. Kh1 Rxg3+ 37. Rxb7 Rxb7 38. a6 Rh3+ 39. Kg1 g3 40. axb7
Rxh4 41. b8=Q+ Kf7 42. Qxd6 Rh2 43. Rf1+ Kg7 44. Qxe5+ Kg6 45. Qxg3+ Kh5 46.
Qxh2+ Kg4 47. Qxh6 Kg3 48. Qf4+ 1-0

[Event "Challenge"]
[Site "http://www.queenalice.com/game.php?id=479694"]
[Date "2008.10.19"]
[Round "-"]
[White "Letycia"]
[Black "Kimura"]
[Result "0-1"]
[WhiteElo "1304"]
[BlackElo "1318"]

1. e4 e5 2. b3 Bc5 3. Bc4 Qf6 4. Qf3 a6 5. d3 b5 6. Bd5 c6 7. Qxf6 gxf6 8. Ba3
b4 9. Bxf7+ Kxf7 10. Bb2 Nh6 11. c4 Ng4 12. f3 Ne3 13. Nd2 Nxg2+ 14. Kf1 Rg8 15.
Nh3 Ne3+ 16. Ke1 Rg2 17. Rc1 d6 0-1

[Event "Beija Flor"]
[Site "http://www.queenalice.com/game.php?id=490617"]
[Date "2008.11.9"]
[Round "-"]
[White "Letycia"]
[Black "lcchaves13"]
[Result "1-0"]
[WhiteElo "1304"]
[BlackElo "1206"]

1. e4 Nf6 2. d3 Nc6 3. Nf3 b5 4. b3 Na5 5. Bb2 d6 6. Bxf6 exf6 7. Qd2 Nc6 8. Nc3
Nb4 9. Nxb5 a6 10. Qxb4 axb5 11. Qxb5+ Bd7 12. Qd5 c6 13. Qc4 c5 14. O-O-O g5
15. d4 cxd4 16. Nxd4 Rxa2 17. Kd2 Ra5 18. Qc3 d5 19. Ra1 Rc5 20. Qe3 h6 21. Be2
g4 22. Ra7 Bc8 23. Ra8 Bd6 24. Rg1 Qc7 25. Bxg4 Qb7 26. Nb5 Rxb5 27. Rxc8+ Ke7
28. Rxh8 Rb4 29. Rxh6 Rxe4 30. Qf3 Qb4+ 31. c3 Rd4+ 32. Ke3 Qxc3+ 33. Ke2 Qd2+
34. Kf1 Qxh6 35. g3 Qc1+ 36. Kg2 Qg5 37. Re1+ Be5 38. Qf5 Qd2 39. Rf1 Rb4 40.
Qd7+ Kf8 41. Bh5 Rxb3 42. Qxf7# 1-0

[Event "AUTO-OPEN-1406"]
[Site "http://www.queenalice.com/game.php?id=524093"]
[Date "2009.1.17"]
[Round "1"]
[White "westchessdf"]
[Black "Letycia"]
[Result "1-0"]
[WhiteElo "1676"]
[BlackElo "1347"]

1. d4 b6 2. e4 Ba6 3. c4 Nf6 4. Nc3 e6 5. Bd3 Bb4 6. Bd2 Nc6 7. Nge2 Qe7 8. d5
exd5 9. exd5 Ne5 10. Qc2 Nxd3+ 11. Qxd3 Bxc3 12. Bxc3 O-O-O 13. O-O Qd6 14. Rad1
c6 15. dxc6 Kc7 16. cxd7 Rxd7 17. Qxd6+ Rxd6 18. Rxd6 Kxd6 19. Rd1+ Ke7 20. b3
h5 21. Nd4 Rd8 22. Nc6+ 1-0

[Event "AUTO-OPEN-1406"]
[Site "http://www.queenalice.com/game.php?id=524142"]
[Date "2009.1.17"]
[Round "1"]
[White "jnable"]
[Black "Letycia"]
[Result "1-0"]
[WhiteElo "2046"]
[BlackElo "1349"]

1. d4 d5 2. c4 dxc4 3. e4 Nc6 4. d5 Ne5 5. Nc3 e6 6. f4 Nd7 7. dxe6 fxe6 8. Bxc4
Bb4 9. Bxe6 Bxc3+ 10. bxc3 Ngf6 11. e5 Nxe5 12. Qxd8+ Kxd8 13. Bxc8 Rxc8 14.
fxe5 Nd5 15. Bg5+ Kd7 16. c4 Nc3 17. Nf3 Rhf8 18. O-O Rf5 19. Bd2 Ne4 20. Be3 b6
21. Rfd1+ Kc6 22. Nd4+ 1-0

[Event "AUTO-OPEN-1436"]
[Site "http://www.queenalice.com/game.php?id=537718"]
[Date "2009.2.9"]
[Round "1"]
[White "Letycia"]
[Black "nelson_cxc"]
[Result "0-1"]
[WhiteElo "1344"]
[BlackElo "1538"]

1. e4 e6 2. d4 d5 3. exd5 exd5 4. Bf4 Be7 5. Bd3 Bg5 6. Bxg5 f6 7. Bf4 Ne7 8.
Nc3 O-O 9. Nh3 Bxh3 10. gxh3 Re8 11. Qe2 Nf5 12. Ne4 dxe4 13. Bxe4 Nxd4 14. Qc4+
Kh8 15. O-O-O Rxe4 16. Be3 Nbc6 17. c3 Qe7 18. Rhe1 Nf3 19. Rh1 Rxc4 0-1